SSC Mathematics / (Record no. 157982)

MARC details
000 -LEADER
fixed length control field 00772nam a22002057a 4500
005 - DATE AND TIME OF LATEST TRANSACTION
control field 20181012140527.0
010 ## - LCCN (DPL NO)
LC control number B-709309
020 ## - INTERNATIONAL STANDARD BOOK NUMBER
International Standard Book Number 9788193209462
Terms of availability 320.00
035 ## - SYSTEM CONTROL NUMBER
System control number B-709309
037 ## - SOURCE OF ACQUISITION
Source of stock number/acquisition PANSY BOOKS(RP)
082 ## - DEWEY DECIMAL CLASSIFICATION NUMBER
Classification number 510
100 ## - MAIN ENTRY--PERSONAL NAME
Personal name Yadav, Rakesh
245 ## - TITLE STATEMENT
Title SSC Mathematics /
Statement of responsibility, etc by Rakesh Yadav
260 ## - PUBLICATION, DISTRIBUTION, ETC. (IMPRINT)
Place of publication, distribution, etc Delhi
Name of publisher, distributor, etc Rakesh Yadav Readres Publication
Date of publication, distribution, etc 2018
270 ## - ADDRESS
Address 521, 3rrd floor, mukherjee Nagar
City Delhi
Postal code 110009
300 ## - PHYSICAL DESCRIPTION
Extent 745p.
Dimensions 28cm(pbk)
500 ## - GENERAL NOTE
General note Each question with detailed video solution 1999-2016
942 ## - ADDED ENTRY ELEMENTS (KOHA)
Source of classification or shelving scheme Dewey Decimal Classification
Item type English Books
Classification part 510
Call number suffix YAD
Holdings
Withdrawn status Lost status Not for loan Home library Current library Date acquired Source of acquisition Cost, normal purchase price Full call number Barcode Copy number Cost, replacement price Koha item type
      Patel Nagar Patel Nagar 12/10/2018 PANSY BOOKS /1783/28.09.8/DPL/PN/RP/2018-19/1232/22.09.18/29.09.18 320.00 510 YAD B-709309 1 320.00 English Books

© Delhi Public Library
Hit Counter
free hit counter